| 000 | 00445nam a2200145 a 4500 | ||
|---|---|---|---|
| 001 | 1123 | ||
| 003 | CDMR | ||
| 005 | 20130116135201.0 | ||
| 008 | 130130s2001||||||||||||||||||||||||||||d | ||
| 040 |
_aCDMR _bcat _cCDMR |
||
| 111 | 2 |
_aJornades de l'Observatori _cBarcelona _d2000 _n3es _9885 |
|
| 245 | 1 | 4 | _aEls Treballs del Naos |
| 260 |
_aBarcelona _c2001 _bObservatori Europeu de la Televisió Infantil. Comissionat de les Arts Audiovisuals |
||
| 942 | _cMON | ||
| 999 |
_c1123 _d1123 |
||